The A.B.C. of child abuse work /

Bibliographic Details
Main Author: Moore, Jean G., 1930-
Format: Book
Language:English
Published: Aldershot, Hants, England ; Brookfield, Vt., U.S.A. : Gower, [1985]
Series:Community care practice handbooks ; 19.
Subjects:

MARC

Tag First Indicator Second Indicator Subfields
LEADER 00000cam a22000008a 4500
001 in00000406513
005 20151012050409.0
008 850415s1985 enk b 00110 eng
010 |a  85009738  
020 |a 0566008602 (pbk.) :  |c $7.50 (U.S.) 
035 |a (OCoLC)12081581 
035 |9 ABS9489AM 
039 0 |a 2  |b 3  |c 3  |d 3  |e 3 
040 |a DLC  |c DLC  |d TXA  |d UtOrBLW 
049 |a TXAM  |c [A08629855] 
050 0 0 |a HV713  |b .M65 1985 
082 0 |a 362.7/044  |2 19 
100 1 |a Moore, Jean G.,  |d 1930- 
245 1 4 |a The A.B.C. of child abuse work /  |c Jean G. Moore. 
264 1 |a Aldershot, Hants, England ;  |a Brookfield, Vt., U.S.A. :  |b Gower,  |c [1985] 
264 4 |c ©1985 
300 |a ix, 109 pages 
336 |a text  |b txt  |2 rdacontent 
337 |a unmediated  |b n  |2 rdamedia 
338 |a volume  |b nc  |2 rdacarrier 
490 1 |a Community care practice handbooks ;  |v 19 
500 |a Includes index. 
504 |a Bibliography: pages 103-106. 
650 0 |a Abused children  |x Services for. 
650 0 |a Abused children. 
650 0 |a Interviewing in child abuse. 
650 0 |a Social work with children. 
740 0 |a ABC of child abuse work. 
830 0 |a Community care practice handbooks ;  |v 19. 
999 |a MARS 
999 f f |s 73ea08d9-805a-341a-a1cb-22d5ac812746  |i e52ce906-2065-34e1-ab5f-20b68f128e99  |t 0 
952 f f |p ric  |a Texas A&M University  |b Rellis Campus  |c Joint Library Facility  |d Remote Storage  |t 0  |e HV713 .M65 1985  |h Library of Congress classification  |i unmediated -- volume  |m A14808629855 
998 f f |a HV713 .M65 1985  |t 0  |l Remote Storage